00603nam a2200157Ia 4500008004100000020001500041050002200056100001900078245012300097260003800220300002300258500007800281650004400359700002200403700002000425081213s9999 xx 000 0 und d a9966936009 aBV4447b.M38 1998 aMbutu, Paul M. aNairobi youth survey:ba summary report challenges to the churches cPaul M. Mbutu, P. Emil Chndran and Larry Niemeyer c1998aNairobibDaystar University avi, 56p.; c23 cm. abased on the study "Nairobi youth survey" conducted by Daystar University aYOUTH - RELIGIOUS ASPECTS- CHRISTIANITY qChandran, P. Emil qNiemeyer, Larry